| 000 | 00589 a2200193 4500 | ||
|---|---|---|---|
| 260 | _aParis. | ||
| 100 | _aBRENIERE, J. | ||
| 260 | _bAssociation pour le Développement de la Riziculture en Afrique de l'Ouest. | ||
| 300 | _a52p. | ||
| 245 | _aPrincipaux ennemis du riz en Afrique de l'Ouest et leur contrôle. | ||
| 300 | _bIll. en coul. | ||
| 260 | _c1976 | ||
| 130 | _lFr. | ||
| 710 | _aAssociation pour le Développement de la Riziculture en Afrique de l'Ouest:(Organisation Internationale). | ||
| 690 | _ariziculture | ||
| 690 | _aennemi. | ||
| 999 |
_c26312 _d26312 |
||